000 00903nam a2200277 i 4500
001 120584
005 20230410123611.0
008 150821s1995 fr a 000 0 fre
041 0 _afre
050 1 4 _aKJV 7068
_bJ95 1995
082 0 0 _a336.2
245 0 0 _aJuris Classeur :
_bfiscalité immobilière /
_cJuris Classeur
260 _aParis :
_bEditions du Juris-Classeur,
_c1995.
300 _a1 vol. ;
_c30 cm.
650 0 _aReal property and taxation
_ France.
650 4 _aRentas
_zFrancia.
650 4 _aDerecho fiscal
_xLegislación
_zFrancia.
650 4 _aDerecho fiscal
_zFrancia.
650 4 _aImpuestos
_zFrancia.
650 4 _aIDEF.
650 4 _aInstitut International du droit d'expression et d'inspiration francaises.
650 4 _a20150800.
710 2 _aInstitut International du droit d'expression et d'inspiration francaises.
710 2 _aJuris Classeur.
942 _2lcc
_cbk
999 _c64671
_d64671